Responsibility pays (Record no. 69649)

MARC details
000 -LEADER
fixed length control field 01037cam a2200205 4500
001 - CONTROL NUMBER
control field ABS65101
008 - FIXED-LENGTH DATA ELEMENTS--GENERAL INFORMATION
fixed length control field 020301n2002 000 0 eng u
035 ## - SYSTEM CONTROL NUMBER
System control number (Sirsi) u116942
100 ## - MAIN ENTRY--PERSONAL NAME
Personal name Edington, G.
245 ## - TITLE STATEMENT
Title Responsibility pays
260 ## - PUBLICATION, DISTRIBUTION, ETC.
Date of publication, distribution, etc. 2002
490 ## - SERIES STATEMENT
Series statement CSM
-- Chartered Surveyor Monthly
Volume/sequential designation February 2002, 24(1)
520 ## - SUMMARY, ETC.
Summary, etc. Argues that Corporate Social Responsibility (CSR) strategies should be incorporated into business practice as strong business sense. Such initiatives create opportunities for effective team building, increase in staff motivation and boost morale. These will have a positive influence on business prosperity. The resulting impression is that organisations that work in partnership with communities are more appealing to customers, employees and consequently investors, which is sound business sense.
590 ## - LOCAL NOTE (RLIN)
Local note ABS
650 ## - SUBJECT ADDED ENTRY--TOPICAL TERM
Topical term or geographic name entry element CORPORATE SOCIAL RESPONSIBILITY AGENDA
650 ## - SUBJECT ADDED ENTRY--TOPICAL TERM
Topical term or geographic name entry element CORPORATE STRATEGIES
650 ## - SUBJECT ADDED ENTRY--TOPICAL TERM
Topical term or geographic name entry element COMMUNITIES
690 ## - LOCAL SUBJECT ADDED ENTRY--TOPICAL TERM (OCLC, RLIN)
Topical term or geographic name as entry element MANAGEMENT-BUSINESS MANAGEMENT
942 ## - ADDED ENTRY ELEMENTS (KOHA)
Suppress in OPAC 0
Holdings
Withdrawn status Lost status Source of classification or shelving scheme Damaged status Not for loan Home library Current library Shelving location Date acquired Total Checkouts Full call number Barcode Date last seen Copy number Price effective from Koha item type
    Dewey Decimal Classification     London London Journal article 01/03/2002   ABS65101 116942-1001 06/08/2019 1 06/08/2019 Journal article